<?xml version="1.0" encoding="UTF-8"?><?xml-stylesheet type="text/xsl" href="static/style.xsl"?><OAI-PMH xmlns="http://www.openarchives.org/OAI/2.0/" xmlns:xsi="http://www.w3.org/2001/XMLSchema-instance" xsi:schemaLocation="http://www.openarchives.org/OAI/2.0/ http://www.openarchives.org/OAI/2.0/OAI-PMH.xsd"><responseDate>2026-04-17T12:50:24Z</responseDate><request verb="GetRecord" identifier="oai:www.recercat.cat:20.500.14342/1735" metadataPrefix="marc">https://recercat.cat/oai/request</request><GetRecord><record><header><identifier>oai:recercat.cat:20.500.14342/1735</identifier><datestamp>2026-03-12T14:30:45Z</datestamp><setSpec>com_2072_482405</setSpec><setSpec>com_2072_183628</setSpec><setSpec>col_2072_482411</setSpec></header><metadata><record xmlns="http://www.loc.gov/MARC21/slim" xmlns:dcterms="http://purl.org/dc/terms/" xmlns:xsi="http://www.w3.org/2001/XMLSchema-instance" xmlns:doc="http://www.lyncode.com/xoai" xsi:schemaLocation="http://www.loc.gov/MARC21/slim http://www.loc.gov/standards/marcxml/schema/MARC21slim.xsd">
   <leader>00925njm 22002777a 4500</leader>
   <datafield ind2=" " ind1=" " tag="042">
      <subfield code="a">dc</subfield>
   </datafield>
   <datafield ind2=" " ind1=" " tag="720">
      <subfield code="a">Corbella, Sergi</subfield>
      <subfield code="e">author</subfield>
   </datafield>
   <datafield ind2=" " ind1=" " tag="720">
      <subfield code="a">Botella García del Cid, Luis</subfield>
      <subfield code="e">author</subfield>
   </datafield>
   <datafield ind2=" " ind1=" " tag="720">
      <subfield code="a">Gómez Hinojosa, Antonia Maria</subfield>
      <subfield code="e">author</subfield>
   </datafield>
   <datafield ind2=" " ind1=" " tag="720">
      <subfield code="a">Herrero Esquerdo, Olga</subfield>
      <subfield code="e">author</subfield>
   </datafield>
   <datafield ind2=" " ind1=" " tag="720">
      <subfield code="a">Pacheco Pérez, Meritxell</subfield>
      <subfield code="e">author</subfield>
   </datafield>
   <datafield ind2=" " ind1=" " tag="260">
      <subfield code="c">2011</subfield>
   </datafield>
   <datafield ind2=" " ind1=" " tag="520">
      <subfield code="a">Este artículo presenta un estudio de las características psicométricas de la versión española del Inventario de Alianza Terapéutica  formato corto (WAI-S). La muestra la formaron 229 sujetos mayores de edad que recibieron tratamiento psicoterapéutico en un centro privado. La edad media de los participantes fue de 29.2 (SD= 8.84). Todos los participantes contestaron la versión española para pacientes del WAI-S al finalizar la tercera sesión de terapia El análisis factorial de ejes principales indicó que el primer factor está formado especialmente por los reactivos de la subescala tareas y vínculo, mientras que el segundo factor está formado por reactivos de las sub-escalas de objetivos y tareas. Es posible diferenciar entre las subescalas de la alianza terapeutica a nivel teórico, pero los datos indican que los reactivos de las subescalas de objetivos, tareas y vinculo positivo estan muy asociados. La estimación del coeficiente de fiabilidad basada en la consistencia interna de la  versión española del WAI-S se demostró buena. Los resultados sugieren que la alianza terapéutica puede ser un constructo más unificado.</subfield>
   </datafield>
   <datafield ind2=" " ind1=" " tag="520">
      <subfield code="a">This paper presents a study of the psychometric properties of the Spanish short version of the Working Alliance Inventory. Method: 229 subjects received psychotherapy treatment in a private centre. The mean ages were 29.2 years old (SD=8.84). All patients answered the spanish version of the Working Alliance Inventory when they finished the third session of the therapy. The factor analysis indicated that the first factor is based by the items from the Tasks and Bonds subscale, whereas the second factor is based by the items from the Tasks and Goals subscale. It is possible to differentiate between the therapeutic alliance subscales in the theory level, but data show that items from Goals, Tasks and Bond are close related. Reliability coefficient based on the internal consistency of the spanish version of the Working Alliance Inventory (short version) is good. Results suggest that therapeutic alliance may be a more unified construct than is usually thought of.</subfield>
   </datafield>
   <datafield ind1="8" ind2=" " tag="024">
      <subfield code="a">http://hdl.handle.net/20.500.14342/1735</subfield>
   </datafield>
   <datafield tag="653" ind2=" " ind1=" ">
      <subfield code="a">Psicometria</subfield>
   </datafield>
   <datafield tag="653" ind2=" " ind1=" ">
      <subfield code="a">Inventario de Alianza Terapéutica</subfield>
   </datafield>
   <datafield tag="653" ind2=" " ind1=" ">
      <subfield code="a">Working Alliance Inventory-Short (WAI-S)</subfield>
   </datafield>
   <datafield ind2="0" ind1="0" tag="245">
      <subfield code="a">Características psicométricas de la versión española del  Working Alliance Inventory-Short (WAI-S)</subfield>
   </datafield>
</record></metadata></record></GetRecord></OAI-PMH>